Normal view
MARC view
Entry Personal Name
001 - CONTROL NUMBER
- control field: 24004
003 - CONTROL NUMBER IDENTIFIER
- control field: OSt
005 - DATE AND TIME OF LATEST TRANSACTION
- control field: 20210528135909.0
008 - FIXED-LENGTH DATA ELEMENTS
- fixed length control field: 210528|| aca||aabn | a|a d
040 ## - CATALOGING SOURCE
- Original cataloging agency: OSt
- Transcribing agency: OSt
100 ## - HEADING--PERSONAL NAME
- Personal name: Habibullah, Wajahat
670 ## - SOURCE DATA FOUND
- Source citation: Work cat.: (OSt)515522: Habibullah, Wajahat, Kashmir: The tragedy
